Culture and identity: Critical theories (Record no. 1387419)

MARC details
000 -LEADER
fixed length control field 00668nam a2200229Ia 4500
005 - DATE AND TIME OF LATEST TRANSACTION
control field 20250508164151.0
008 - FIXED-LENGTH DATA ELEMENTS--GENERAL INFORMATION
fixed length control field 008 250505s9999 xx 000 0 eng d
020 ## - INTERNATIONAL STANDARD BOOK NUMBER
International Standard Book Number 07619-6519-X
037 ## - SOURCE OF ACQUISITION
Stock number Textual
040 ## - CATALOGING SOURCE
Original cataloging agency FEDL
Language of cataloging eng
Transcribing agency FEDL
041 ## - LANGUAGE CODE
Language code of text/sound track or separate title eng
Source of code eng
084 ## - COLON CLASSIFICATION NUMBER
Classification number 306, ABB
Assigning agency FEDL
100 ## - MAIN ENTRY--PERSONAL NAME
Personal name Abbinnett Ross
9 (RLIN) 21382
245 #0 - TITLE STATEMENT
Title Culture and identity: Critical theories
260 ## - PUBLICATION, DISTRIBUTION, ETC.
Place of publication, distribution, etc. London, UK
Name of publisher, distributor, etc. Sage Publications
Date of publication, distribution, etc. 2003
300 ## - PHYSICAL DESCRIPTION
Extent 230p.
365 ## - TRADE PRICE
Price type code GBP
Price amount 18.99
490 ## - SERIES STATEMENT
Series statement Politics and culture: A theory, culture& society series
650 ## - SUBJECT ADDED ENTRY--TOPICAL TERM
Topical term or geographic name entry element Culture; Identity
9 (RLIN) 777572
942 ## - ADDED ENTRY ELEMENTS (KOHA)
Koha item type Textual
Classification part 306, ABB
Holdings
Withdrawn status Lost status Damaged status Not for loan Home library Current library Date acquired Cost, normal purchase price Total Checkouts Full call number Barcode Date last seen Price effective from Koha item type
        Department of Education Library Department of Education Library 2025-05-08 18.99   306, ABB EL0081039 2025-05-08 2025-05-08 Textual
Copyright @ Delhi University Library System